The british conservative party and one nation politics / (Record no. 14350)

000 -LEADER
fixed length control field 01015nam a2200277 a 4500
001 - CONTROL NUMBER
control field ASIN1441123695
005 - DATE AND TIME OF LATEST TRANSACTION
control field 20170105102853.0
008 - FIXED-LENGTH DATA ELEMENTS--GENERAL INFORMATION
fixed length control field 130821s2011 xxu eng d
020 ## - INTERNATIONAL STANDARD BOOK NUMBER
International Standard Book Number 1441123695 (paperback)
Terms of availability $44.95
020 ## - INTERNATIONAL STANDARD BOOK NUMBER
International Standard Book Number 9781441123695 (paperback)
040 ## - CATALOGING SOURCE
Original cataloging agency 0
050 04 - LIBRARY OF CONGRESS CALL NUMBER
Classification number JN1129.C7
082 04 - DEWEY DECIMAL CLASSIFICATION NUMBER
Classification number 324.24104
100 1# - MAIN ENTRY--PERSONAL NAME
Personal name Seawright, David.
245 14 - TITLE STATEMENT
Title The british conservative party and one nation politics /
Statement of responsibility, etc. David Seawright.
250 ## - EDITION STATEMENT
Edition statement 1st ed.
260 ## - PUBLICATION, DISTRIBUTION, ETC.
Place of publication, distribution, etc. [S.l.] :
Name of publisher, distributor, etc. Bloomsbury Academic,
Date of publication, distribution, etc. 2011.
300 ## - PHYSICAL DESCRIPTION
Extent 208 p. ;
Dimensions 23 cm.
520 ## - SUMMARY, ETC.
Summary, etc. Won the 2011 Prize for best publication on Conservatives and Conservatism awarded by the specialist group 'Conservatives and Conservatism’ of the UK Political Studies Association.
650 #0 - SUBJECT ADDED ENTRY--TOPICAL TERM
Topical term or geographic name entry element Conservatism
650 #0 - SUBJECT ADDED ENTRY--TOPICAL TERM
Topical term or geographic name entry element Conservative Party (Great Britain)
650 #0 - SUBJECT ADDED ENTRY--TOPICAL TERM
Topical term or geographic name entry element Great Britain
650 #0 - SUBJECT ADDED ENTRY--TOPICAL TERM
Topical term or geographic name entry element Political science
856 40 - ELECTRONIC LOCATION AND ACCESS
Materials specified Amazon.com
Uniform Resource Identifier <a href="http://www.amazon.com/exec/obidos/ASIN/1441123695/chopaconline-20">http://www.amazon.com/exec/obidos/ASIN/1441123695/chopaconline-20</a>
942 ## - ADDED ENTRY ELEMENTS (KOHA)
Source of classification or shelving scheme
Koha item type Book
Holdings
Withdrawn status Lost status Damaged status Not for loan Collection code Permanent Location Current Location Shelving location Date acquired Total Checkouts Full call number Barcode Date last seen Price effective from Koha item type
          Centre for International Peace & Stability (CIPS) Centre for International Peace & Stability (CIPS) General Stacks 08/21/2013   324.24104 SEA 2010 CIPS0000385 08/21/2013 08/21/2013 Book
© 2023 Central Library, National University of Sciences and Technology. All Rights Reserved.